|
|
|
|
| LEADER |
01103nam a22002417a 4500 |
| 001 |
AAL7971 |
| 003 |
BD-DhAAL |
| 005 |
20160219171600.0 |
| 008 |
160219m20131983bg ||||| |||| 00| 0 ben d |
| 020 |
|
|
|a 9844101204
|
| 040 |
|
|
|a BD-DhAAL
|c BD-DhAAL
|
| 082 |
|
|
|a 320
|
| 245 |
|
|
|a এ্যারিস্টটল- এর পলিটিকস /
|c অনুবাদ সরদার ফজলুল করিম
|
| 260 |
|
|
|a ঢাকা :
|b মাওলা ব্রাদার্স,
|c ২০১৩
|
| 300 |
|
|
|a ৩৪১ পৃ. ;
|c ২২ সে.মি.
|
| 541 |
|
|
|e 7971
|
| 650 |
|
|
|a Political science.
|9 18066
|
| 700 |
|
|
|a করিম, সরদার ফজলুল
|9 18067
|
| 852 |
|
|
|a Savar Campus Library
|c General Shelf
|
| 942 |
|
|
|2 ddc
|c BK
|
| 999 |
|
|
|c 36889
|d 36889
|
| 952 |
|
|
|0 0
|1 0
|2 ddc
|4 0
|6 320_000000000000000_ARI
|7 0
|9 58070
|a SCL
|b SCL
|c GEN
|d 2016-02-19
|g 300.00
|l 2
|m 1
|o 320 ARI
|p 3020007971
|r 2024-02-18
|s 2024-02-08
|t 1
|w 2016-02-19
|y BK
|
| 952 |
|
|
|0 0
|1 0
|2 ddc
|4 0
|6 320_000000000000000_ARI
|7 0
|9 58071
|a SCL
|b SCL
|c GEN
|d 2016-02-19
|g 300.00
|l 1
|o 320 ARI
|p 3020007970
|r 2022-11-07
|s 2022-10-22
|t 2
|w 2016-02-19
|y BK
|